000 00483nam a2200181Ia 4500
005 20250508153052.0
008 008 250505s9999 xx 000 0 eng d
037 _aBooks to be hide in OPAC
040 _aFEDL
_beng
_cFEDL
041 _aeng
_2eng
084 _a378, TUS/O
_qFEDL
100 _aStokes Anson Phelps
245 0 _aTuskegee institute the first fifty years
260 _c1931
300 _a99p.
942 _cHB
_h378, TUS/O
999 _c1340508
_d1340508